00614nam a2200181 i 450000100060000000300090000600500170001500700030003200800410003510000290007624500840010526000600018930000370024949000410028671000430032783000410037085200210041140649ES-MaACL20230906160259.0t|030306s1981 sp ||||1| spa d1 aCarrero, José María.10aVirosis y enfermedades afines de los cítricos / cpor José María Carrero. aMadrid : b[Ministerio de Agricultura y Pesca], c1981. aXVIII, 411 p. : bil. ; c23 cm.1 aPublicaciones de Extensión Agraria1 aEspaña. bMinisterio de Agricultura.0 aPublicaciones de Extensión Agraria aES-MaACLjL-2465